Nuevas orientaciones en el régimen jurídico de protección a la vivienda / (Record no. 141223)

MARC details
000 -LEADER
campo de control de longitud fija 00616nam a2200181 i 4500
001 - NÚMERO DE CONTROL
campo de control 141223
003 - IDENTIFICADOR DE NÚMERO DE CONTROL
campo de control ES-MaACL
005 - FECHA Y HORA DE LA ÚLTIMA TRANSACCIÓN
campo de control 20230906200241.0
007 - CAMPO FIJO DE DESCRIPCIÓN FÍSICA--INFORMACIÓN GENERAL
campo de control de longitud fija t|
008 - DATOS DE LONGITUD FIJA--INFORMACIÓN GENERAL
campo de control de longitud fija 070920s1980 sp ||||1| spa d
080 ## - NÚMERO DE LA CLASIFICACIÓN DECIMAL UNIVERSAL
Número de la Clasificación Decimal Universal 351.778.532(460)
100 1# - ENTRADA PRINCIPAL--NOMBRE DE PERSONA
Nombre de persona Villar Ezcurra, José Luis.
9 (RLIN) 115086
245 10 - MENCIÓN DEL TÍTULO
Título Nuevas orientaciones en el régimen jurídico de protección a la vivienda /
Mención de responsabilidad, etc. José Luis Villar Ezcurra.
260 ## - PUBLICACIÓN, DISTRIBUCIÓN, ETC.
Lugar de publicación, distribución, etc. [Madrid :
Nombre del editor, distribuidor, etc. s.n.,
Fecha de publicación, distribución, etc. 1980] (
Fabricante Imp. Lualba)
300 ## - DESCRIPCIÓN FÍSICA
Extensión 152 p. ;
Dimensiones 21 cm.
650 ## - PUNTO DE ACCESO ADICIONAL DE MATERIA--TÉRMINO DE MATERIA
Término de materia o nombre geográfico como elemento de entrada Viviendas de protección oficial-
Subdivisión general Derecho-
Subdivisión geográfica España.
9 (RLIN) 166015
852 ## - LOCALIZACIÓN
Ubicación ES-MaACL
Número de control de estantería A-10900
Sublocalización o colección R.100480
Holdings
Estatus retirado Estado de pérdida Estado de daño No para préstamo Biblioteca de origen Biblioteca actual Ubicación en estantería Fecha de adquisición Fuente de adquisición Total de préstamos Signatura topográfica completa Código de barras Visto por última vez Precio de reemplazo Tipo de ítem Koha
        Biblioteca del Ateneo de Madrid Biblioteca del Ateneo de Madrid Depósito 1 17/01/2008     A-10900 1146946 23/02/2023 23/02/2023 Libro impreso